Grey's Anatomy Quiz Stats

 Plays Quiz not verified by Sporcle

Challenge
Share
Tweet
Embed
Score 0/24 Timer 10:00
0 Plays Today
% Correct
Meredith Grey
98.9%
Alex Karev
92.6%
Richard Webber
91.6%
Lexie Grey
90%
Derek Shepherd
89.8%
Izzie Stevens
89%
Cristina Yang
88.8%
George O'Malley
88.6%
Callie Torres
87.5%
Miranda Bailey
86.8%
Mark Sloan
86.3%
Arizona Robbins
85.7%
% Correct
Owen Hunt
82.7%
Jackson Avery
79.9%
Preston Burke
78.7%
April Kepner
77.2%
Addison Montgomery
74%
Ellis Grey
72.5%
Teddy Altman
68%
Thatcher Grey
62.4%
Erica Hahn
61.7%
Adele Webber
56.8%
Henry Burton
9.4%
Robert Stark
7%

You're not logged in!

Compare scores with friends on all Sporcle quizzes.
OR
Log In

You Might Also Like...

Show Comments

Extras

Created May 5, 2011ReportNominate

Top Quizzes Today


Score Distribution

Your Account Isn't Verified!

In order to create a playlist on Sporcle, you need to verify the email address you used during registration. Go to your Sporcle Settings to finish the process.

Report this User

Report this user for behavior that violates our Community Guidelines.

Details: